000 00663nam a2200181 a 4500
001 000025450
005 20200930023810.0
008 110216s1978 ve r 000 0 spa d
040 _aDO-SdBNP
_bspa
_cBNPHU
082 _aNNN
_bM778e
100 1 _aMontero, Nancy
_952063
245 1 0 _aEsterotipos sexuales, matrimonio, divorcio y salud mental /
_cMontero, Nancy.
260 _aCaracas, [Venezuela] :
_bEdiciones de la Facultad de Humanidades y Educación, Escuela de Psicología, Universidad Central de Venezuela,
_c1978.
300 _a162, [2] p. ;
_c23 cm.
500 _aIncluye notas al pie de las páginas
504 _aIncluye bibliografía
049 _aBNGR
999 _c24942
_d24942